Understanding project cost contingency (Record no. 106449)

MARC details
000 -LEADER
fixed length control field 00892cam a2200205 4500
001 - CONTROL NUMBER
control field L136603
008 - FIXED-LENGTH DATA ELEMENTS--GENERAL INFORMATION
fixed length control field 070212n2005 000 0 eng u
020 ## - INTERNATIONAL STANDARD BOOK NUMBER
International Standard Book Number 1741071011
035 ## - SYSTEM CONTROL NUMBER
System control number (Sirsi) u136603
041 0# - LANGUAGE CODE
Language code of text/sound track or separate title eng
100 1# - MAIN ENTRY--PERSONAL NAME
Personal name Baccarini, David
245 00 - TITLE STATEMENT
Title Understanding project cost contingency
Remainder of title a survey
Medium [electronic resource]
260 ## - PUBLICATION, DISTRIBUTION, ETC.
Place of publication, distribution, etc. Brisbane
Name of publisher, distributor, etc. Queensland University of Technology
Date of publication, distribution, etc. 2005
490 #0 - SERIES STATEMENT
Series statement COBRA
Volume/sequential designation 2005
520 ## - SUMMARY, ETC.
Summary, etc. Discusses the results of a survey of 78 project practitioners' comprehension of issues pertaining to project cost contingency. Reports that there is a lack of appreciation that project cost contingency is a risk management notion.
651 #4 - SUBJECT ADDED ENTRY--GEOGRAPHIC NAME
Geographic name AUSTRALIA
690 ## - LOCAL SUBJECT ADDED ENTRY--TOPICAL TERM (OCLC, RLIN)
Topical term or geographic name as entry element Project management
9 (RLIN) 6261
856 40 - ELECTRONIC LOCATION AND ACCESS
Uniform Resource Identifier <a href="https://www.rics.org/site/scripts/download_info.aspx?downloadID=2613">https://www.rics.org/site/scripts/download_info.aspx?downloadID=2613</a>
Public note View the item free of charge at www.rics.org...
942 ## - ADDED ENTRY ELEMENTS (KOHA)
Suppress in OPAC 0
Holdings
Withdrawn status Lost status Source of classification or shelving scheme Damaged status Not for loan Home library Current library Shelving location Date acquired Total Checkouts Full call number Barcode Date last seen Copy number Price effective from Koha item type
    Dewey Decimal Classification     Virtual Virtual Online 12/02/2007   ONLINE PUBLICATION 136603-1001 06/08/2019 1 06/08/2019 Book